[Event "19th HZ Open 2015"]
[Site "Vlissingen NED"]
[Date "2015.08.01"]
[Round "1.1"]
[White "Delaere, Koen"]
[Black "Jobava, Baadur"]
[Result "0-1"]
[BlackTitle "GM"]
[WhiteElo "1924"]
[BlackElo "2664"]
[WhiteFideId "226408"]
[BlackFideId "13601520"]
[EventDate "2015.08.01"]

1. d4 d5 2. c4 c6 3. cxd5 cxd5 4. Bf4 Nc6 5. Nc3 a6 6. e3 Nf6 7. Bd3 Bg4 8. f3
Bd7 9. Nge2 e6 10. Bg3 g6 11. O-O Bh6 12. Bf2 O-O 13. e4 dxe4 14. fxe4 Ng4 15.
d5 Nxf2 16. Rxf2 Ne5 17. Kh1 Qh4 18. g3 Ng4 19. Qg1 Nxf2+ 20. Qxf2 Qe7 21. Bc4
b5 22. dxe6 fxe6 0-1

[Event "19th HZ Open 2015"]
[Site "Vlissingen NED"]
[Date "2015.08.01"]
[Round "1.2"]
[White "Van Wely, Loek"]
[Black "Hofstee, Piet"]
[Result "1-0"]
[WhiteTitle "GM"]
[WhiteElo "2654"]
[BlackElo "1917"]
[WhiteFideId "1000268"]
[BlackFideId "1053965"]
[EventDate "2015.08.01"]

1. d4 e6 2. c4 c5 3. d5 exd5 4. cxd5 d6 5. e4 g6 6. Nf3 Bg7 7. Bd3 Ne7 8. O-O
O-O 9. Re1 Nd7 10. Nc3 a6 11. Bf4 Nf6 12. h3 b5 13. Qd2 b4 14. Nd1 a5 15. Ne3
Nh5 16. Bh2 Bh6 17. Bf1 Bb7 18. g4 Nf6 19. Qc2 Bg7 20. Rad1 Ba6 21. e5 dxe5 22.
Bxa6 Rxa6 23. Nxe5 Qa8 24. Qxc5 Nc8 25. N3c4 Rd8 26. Qc7 Rf8 27. d6 Ne8 28. Qc5
Nf6 29. d7 Na7 30. Qxf8+ 1-0

[Event "19th HZ Open 2015"]
[Site "Vlissingen NED"]
[Date "2015.08.01"]
[Round "1.3"]
[White "Punt, Rene"]
[Black "Landa, Konstantin"]
[Result "0-1"]
[BlackTitle "GM"]
[WhiteElo "1910"]
[BlackElo "2624"]
[WhiteFideId "1021982"]
[BlackFideId "4101685"]
[EventDate "2015.08.01"]

1. e4 c5 2. c3 d5 3. e5 Nc6 4. f4 Bf5 5. Nf3 e6 6. Be2 Nh6 7. O-O Be7 8. d3 Bg6
9. Na3 O-O 10. Nc2 f6 11. d4 Qb6 12. Bd3 Be4 13. Kh1 cxd4 14. Ncxd4 Nxd4 15.
Bxe4 dxe4 16. Nxd4 fxe5 17. fxe5 Rxf1+ 18. Qxf1 Rf8 19. Qe2 Ng4 20. g3 h5 21.
Bf4 e3 22. h3 Nf2+ 23. Kg2 Nd3 24. Bxe3 Nxe5 25. Bf4 Bf6 26. Re1 Nf7 27. Be3 h4
28. Rf1 Qd6 29. Qg4 Qd5+ 30. Kg1 Bxd4 31. Bxd4 e5 32. Bxa7 hxg3 33. Qxg3 Ra8 34.
Be3 Rxa2 35. b4 Rc2 36. Bc5 Qc4 37. Qf3 Rxc3 38. Qxb7 Rg3+ 39. Kh2 Rxh3+ 40.
Kxh3 Qxf1+ 41. Kg3 Qf4+ 42. Kg2 Ng5 43. Qd5+ Kh7 44. Qd3+ g6 45. Qe3 Qg4+ 46.
Kf1 Qd1+ 47. Kg2 Qd5+ 48. Kf1 Ne4 49. Ke1 Kg7 50. Kf1 g5 51. Kg1 Qd1+ 52. Kh2
Qc2+ 53. Kg1 g4 54. Bd6 Qd1+ 55. Kg2 Qf3+ 0-1

[Event "19th HZ Open 2015"]
[Site "Vlissingen NED"]
[Date "2015.08.01"]
[Round "1.4"]
[White "Krasenkow, Michal"]
[Black "Finkenflugel, Renzo"]
[Result "1-0"]
[WhiteTitle "GM"]
[WhiteElo "2616"]
[BlackElo "1909"]
[WhiteFideId "1113100"]
[BlackFideId "1030345"]
[EventDate "2015.08.01"]

1. Nf3 Nf6 2. c4 g6 3. Nc3 Bg7 4. e4 d6 5. d4 O-O 6. h3 e5 7. d5 Nh5 8. Nh2 Na6
9. g3 Nc5 10. b4 Nd7 11. Be2 Nhf6 12. Bg5 a5 13. a3 b6 14. Ng4 Nb8 15. Nh6+ Kh8
16. h4 Na6 17. h5 Qe8 18. Rb1 Ng8 19. hxg6 Nxh6 20. Bxh6 Bxh6 21. Rxh6 fxg6 22.
Rh2 Qe7 23. Qd2 Bd7 24. Qe3 axb4 25. axb4 Rf7 26. Qc1 Raf8 27. c5 Bc8 28. c6 1-0

[Event "19th HZ Open 2015"]
[Site "Vlissingen NED"]
[Date "2015.08.01"]
[Round "1.5"]
[White "Goede, Heiko"]
[Black "Moradiabadi, Elshan"]
[Result "0-1"]
[BlackTitle "GM"]
[WhiteElo "1908"]
[BlackElo "2587"]
[WhiteFideId "24667676"]
[BlackFideId "12501255"]
[EventDate "2015.08.01"]

1. Nf3 d5 2. d3 Nf6 3. Nbd2 Bf5 4. Nh4 Bd7 5. Nhf3 Nc6 6. e4 e5 7. Be2 Bc5 8.
exd5 Nxd5 9. Ne4 Be7 10. c3 O-O 11. O-O Bf5 12. Qc2 a5 13. a4 Qd7 14. Bd2 Rad8
15. Rad1 Bg6 16. Qb3 f5 17. Ng3 Bf7 18. Qc2 h6 19. d4 e4 20. Ne5 Nxe5 21. dxe5
Qe6 22. c4 Nb4 23. Qc1 g5 24. f3 e3 25. Bc3 Na2 26. Qb1 Nxc3 27. bxc3 Bg6 28.
Qxb7 Qxe5 29. Rd5 Rxd5 30. Qxd5+ Qxd5 31. cxd5 Bf6 32. Rc1 f4 33. Ne4 Bxe4 34.
fxe4 Re8 35. Bf3 Rb8 36. c4 Bd4 37. Kf1 Bc5 38. e5 Rb2 39. d6 Rf2+ 40. Kg1 e2
41. Bxe2 Rxe2+ 42. Kf1 Rf2+ 43. Ke1 cxd6 44. exd6 Rxg2 45. d7 Bb4+ 46. Kf1 Rd2 0-1

[Event "19th HZ Open 2015"]
[Site "Vlissingen NED"]
[Date "2015.08.01"]
[Round "1.6"]
[White "Ernst, Sipke"]
[Black "Rogmans, Jelle"]
[Result "1-0"]
[WhiteTitle "GM"]
[WhiteElo "2544"]
[BlackElo "1908"]
[WhiteFideId "1004689"]
[BlackFideId "209821"]
[EventDate "2015.08.01"]

1. Nf3 g6 2. d4 Bg7 3. c4 Nf6 4. Nc3 O-O 5. e4 d6 6. Be2 e5 7. O-O Nc6 8. d5 Ne7
9. b4 Bg4 10. Be3 Nd7 11. c5 Bxf3 12. Bxf3 f5 13. Rc1 Nf6 14. Qd3 Qd7 15. Rfe1
f4 16. Bd2 g5 17. Bd1 Ng6 18. c6 bxc6 19. dxc6 Qe7 20. Nd5 Nxd5 21. Qxd5+ Kh8
22. Bg4 Rf6 23. b5 Qf7 24. a4 Ne7 25. Qxf7 Rxf7 26. Rc2 Ng8 27. a5 Nf6 28. Bf5
Ne8 29. g4 Bf6 30. f3 Kg7 31. Rb1 h6 32. Be1 Kf8 33. Ra2 Ng7 34. b6 Nxf5 35.
gxf5 axb6 36. axb6 1-0

[Event "19th HZ Open 2015"]
[Site "Vlissingen NED"]
[Date "2015.08.01"]
[Round "1.7"]
[White "Bulthuis, Jelle"]
[Black "Werle, Jan"]
[Result "0-1"]
[BlackTitle "GM"]
[WhiteElo "1907"]
[BlackElo "2525"]
[WhiteFideId "1047108"]
[BlackFideId "1006088"]
[EventDate "2015.08.01"]

1. e4 c5 2. Nf3 e6 3. Nc3 a6 4. d4 cxd4 5. Nxd4 Qc7 6. Bd3 Nf6 7. O-O Nc6 8. Nb3
Be7 9. f4 d6 10. Be3 O-O 11. Be2 b5 12. Bf3 Bb7 13. a3 Rfe8 14. Qd2 Nd7 15. Qf2
Bf6 16. Nd4 Na5 17. Rad1 Nc4 18. Bc1 Nxa3 19. e5 dxe5 20. Bxb7 exd4 21. Bxa8
Rxa8 22. bxa3 Qxc3 23. Rd3 Qc4 24. Rfd1 Nc5 25. Rxd4 Bxd4 26. Qxd4 Qxd4+ 27.
Rxd4 Rc8 28. Be3 h5 29. Rd6 Ne4 30. Rxa6 Rxc2 31. g3 Re2 32. Bd4 Nd2 33. Bc5
Nf3+ 34. Kf1 Rc2 35. Bb4 Nxh2+ 0-1

[Event "19th HZ Open 2015"]
[Site "Vlissingen NED"]
[Date "2015.08.01"]
[Round "1.8"]
[White "Ikonnikov, Vyacheslav"]
[Black "Westerweele, Henrik"]
[Result "1-0"]
[WhiteTitle "GM"]
[WhiteElo "2519"]
[BlackElo "1904"]
[WhiteFideId "4100972"]
[BlackFideId "1013319"]
[EventDate "2015.08.01"]

1. d4 Nf6 2. Nf3 d5 3. c4 e6 4. Nc3 Be7 5. Bg5 O-O 6. e3 Nbd7 7. Rc1 c6 8. a3
Ne4 9. Bf4 f5 10. h3 Ndf6 11. Bd3 Bd7 12. O-O Rc8 13. c5 Be8 14. Ne2 h6 15. Ne5
Nd7 16. b4 g5 17. Nxd7 Qxd7 18. Be5 Bg6 19. f3 Nf6 20. g4 Qe8 21. Qc2 Nd7 22. f4
Kh7 23. Ng3 Nxe5 24. fxe5 f4 25. Nf5 Rc7 26. exf4 exf5 27. gxf5 Bh5 28. f6+ Kh8
29. fxe7 Rxf4 30. Rxf4 gxf4 31. Qf2 Qg8+ 32. Kh2 Qg3+ 33. Qxg3 fxg3+ 34. Kxg3
Rxe7 35. Rf1 Bf7 36. Rf6 Kg7 37. Bf5 Be8 38. a4 a6 39. Re6 Rf7 40. Bg6 1-0

[Event "19th HZ Open 2015"]
[Site "Vlissingen NED"]
[Date "2015.08.01"]
[Round "1.9"]
[White "Hemmes, Maarten"]
[Black "Van Foreest, Jorden"]
[Result "0-1"]
[BlackTitle "IM"]
[WhiteElo "1903"]
[BlackElo "2519"]
[WhiteFideId "1020960"]
[BlackFideId "1039784"]
[EventDate "2015.08.01"]

1. e4 e5 2. Nc3 Nf6 3. Bc4 Nc6 4. d3 Na5 5. Bb3 Nxb3 6. axb3 d5 7. exd5 Nxd5 8.
Nf3 Nxc3 9. bxc3 Bd6 10. O-O O-O 11. Re1 Qf6 12. Ng5 Qg6 13. Ne4 Be7 14. Ng3 f6
15. d4 Bd6 16. Ne4 Bg4 17. f3 Bh3 18. Re2 Rfe8 19. Kh1 Bf5 20. Nxd6 cxd6 21. Ba3
Rad8 22. d5 e4 23. Rc1 exf3 24. Rxe8+ Rxe8 25. Qxf3 Bxc2 26. Bxd6 Bxb3 27. c4
Bxc4 28. Bg3 Bd3 29. d6 Be4 30. Qb3+ Qf7 31. d7 Rd8 32. Qe3 Bc6 33. Qxa7 Qd5 34.
Qf2 Rxd7 35. h3 Qd2 36. Kg1 Qxc1+ 0-1

[Event "19th HZ Open 2015"]
[Site "Vlissingen NED"]
[Date "2015.08.01"]
[Round "1.10"]
[White "Das, Arghyadip"]
[Black "Van Doorn, Hans"]
[Result "1-0"]
[WhiteTitle "IM"]
[WhiteElo "2485"]
[BlackElo "1903"]
[WhiteFideId "5003610"]
[BlackFideId "1016423"]
[EventDate "2015.08.01"]

1. e4 g6 2. d4 Bg7 3. Nc3 c6 4. Bc4 d6 5. Qf3 e6 6. Nge2 Nd7 7. Bb3 d5 8. h4 h5
9. Bg5 Bf6 10. Qe3 Ne7 11. O-O-O Bxg5 12. hxg5 Rf8 13. exd5 cxd5 14. Bxd5 Nb6
15. Bb3 Ned5 16. Nxd5 Nxd5 17. Bxd5 Qxd5 18. Nc3 Qxg2 19. Ne4 f5 20. gxf6 1-0

[Event "19th HZ Open 2015"]
[Site "Vlissingen NED"]
[Date "2015.08.01"]
[Round "1.11"]
[White "Albrecht, Alex"]
[Black "Wan, Yunguo"]
[Result "0-1"]
[BlackTitle "IM"]
[WhiteElo "1899"]
[BlackElo "2472"]
[WhiteFideId "1013580"]
[BlackFideId "8603189"]
[EventDate "2015.08.01"]

1. d4 Nf6 2. c4 g6 3. Nc3 Bg7 4. e4 d6 5. f3 O-O 6. Be3 e5 7. Nge2 Nbd7 8. Qd2
c6 9. g4 exd4 10. Nxd4 Ne5 11. Be2 a6 12. h4 c5 13. Nc2 Be6 14. Nd5 Bxd5 15.
exd5 b5 16. cxb5 axb5 17. h5 Nc4 18. Bxc4 bxc4 19. h6 Bh8 20. Kf2 Nd7 21. Bf4
Ne5 22. Bxe5 Bxe5 23. Ne3 c3 24. bxc3 Qf6 25. Nd1 Ra4 26. g5 Qf5 27. Ne3 Qf4 28.
Rhg1 Re8 29. Qc2 Qh2+ 30. Rg2 Bg3+ 31. Kf1 Qh1+ 0-1

[Event "19th HZ Open 2015"]
[Site "Vlissingen NED"]
[Date "2015.08.01"]
[Round "1.12"]
[White "Ankit, R. Rajpara"]
[Black "Van de Griend, Johan"]
[Result "1-0"]
[WhiteTitle "GM"]
[WhiteElo "2460"]
[BlackElo "1891"]
[WhiteFideId "5023335"]
[BlackFideId "1028936"]
[EventDate "2015.08.01"]

1. e4 e5 2. Nf3 Nc6 3. Bc4 Nf6 4. Ng5 d5 5. exd5 Na5 6. Bb5+ c6 7. dxc6 bxc6 8.
Bd3 h6 9. Ne4 Bf5 10. Qf3 Bxe4 11. Bxe4 Rc8 12. O-O Bd6 13. d3 Nxe4 14. dxe4 O-O
15. Nc3 Qe7 16. b3 Nb7 17. Ne2 Ba3 18. Be3 Bc5 19. Ng3 Bxe3 20. Qxe3 Nd6 21.
Rfd1 f5 22. Qc5 Rfd8 23. exf5 Nxf5 24. Qc4+ 1-0

[Event "19th HZ Open 2015"]
[Site "Vlissingen NED"]
[Date "2015.08.02"]
[Round "2.1"]
[White "Jobava, Baadur"]
[Black "Boelhouwer, Collin"]
[Result "1-0"]
[WhiteTitle "GM"]
[WhiteElo "2664"]
[BlackElo "2158"]
[WhiteFideId "13601520"]
[BlackFideId "1013300"]
[EventDate "2015.08.01"]

1. d4 Nf6 2. c4 g6 3. Nc3 Bg7 4. e4 d6 5. f3 O-O 6. Be3 c5 7. Nge2 Qa5 8. Qd2
Nc6 9. O-O-O a6 10. Kb1 b5 11. dxc5 dxc5 12. Nc1 Rd8 13. Nd5 Qxd2 14. Rxd2 Nxd5
15. cxd5 Ne5 16. Bxc5 e6 17. d6 Bb7 18. Nb3 Nd7 19. Be3 Rac8 20. Be2 f5 21. exf5
exf5 22. Rc1 Rxc1+ 23. Nxc1 Nf6 24. Bd1 Bd5 25. Bc5 Bf7 26. Bb3 Bh6 27. Rd1 Nd7
28. Bb4 Re8 29. Nd3 Bxb3 30. axb3 Be3 31. Ba5 Kf7 32. Nb4 Ra8 33. Nd5 f4 34. Bd2
Re8 35. Nxf4 1-0

[Event "19th HZ Open 2015"]
[Site "Vlissingen NED"]
[Date "2015.08.02"]
[Round "2.2"]
[White "Boucquet, Emile"]
[Black "Van Wely, Loek"]
[Result "0-1"]
[BlackTitle "GM"]
[WhiteElo "2161"]
[BlackElo "2654"]
[WhiteFideId "233161"]
[BlackFideId "1000268"]
[EventDate "2015.08.01"]

1. d4 d6 2. c4 g6 3. e4 Bg7 4. Nc3 c5 5. Nge2 Nd7 6. Be3 Ngf6 7. f3 O-O 8. Qd2
a6 9. Nc1 cxd4 10. Bxd4 Ne5 11. Be2 Be6 12. Na4 Nc6 13. Be3 Nd7 14. O-O Nce5 15.
Qb4 Rc8 16. c5 Nxc5 17. Nxc5 dxc5 18. Bxc5 a5 19. Qa3 Nxf3+ 20. Kh1 Qc7 21. Qxf3
Qxc5 22. Nd3 Qb6 23. e5 Bc4 24. Rac1 Bxa2 25. Qe4 e6 26. Nf4 Rxc1 27. Rxc1 Qxb2
28. Rf1 Qxe5 29. Qxb7 g5 0-1

[Event "19th HZ Open 2015"]
[Site "Vlissingen NED"]
[Date "2015.08.02"]
[Round "2.3"]
[White "Landa, Konstantin"]
[Black "Ratsma, Midas"]
[Result "1-0"]
[WhiteTitle "GM"]
[WhiteElo "2624"]
[BlackElo "2150"]
[WhiteFideId "4101685"]
[BlackFideId "1032283"]
[EventDate "2015.08.01"]

1. Nf3 Nf6 2. c4 c5 3. d4 cxd4 4. Nxd4 g6 5. Nc3 d5 6. Nb3 e6 7. Bg5 Bg7 8. e4
h6 9. Bxf6 Bxf6 10. cxd5 exd5 11. Bb5+ Nd7 12. Qxd5 a6 13. Bxd7+ Bxd7 14. Qxb7
Rb8 15. Qa7 Bb5 16. Rd1 Bxc3+ 17. bxc3 Qc8 18. Qc5 Qe6 19. f3 Rc8 20. Rd6 Rxc5
21. Rxe6+ fxe6 22. Nxc5 Ke7 23. Kd2 Bc4 24. Nb3 Ra8 25. Na5 1-0

[Event "19th HZ Open 2015"]
[Site "Vlissingen NED"]
[Date "2015.08.02"]
[Round "2.4"]
[White "Buckels, Valentin"]
[Black "Krasenkow, Michal"]
[Result "0-1"]
[BlackTitle "GM"]
[WhiteElo "2152"]
[BlackElo "2616"]
[WhiteFideId "12942766"]
[BlackFideId "1113100"]
[EventDate "2015.08.01"]

1. d4 d6 2. Nf3 Bg4 3. c4 Nd7 4. Nc3 e5 5. g3 Be7 6. Bg2 c6 7. O-O Qc7 8. b3
Ngf6 9. Bb2 O-O 10. Qd3 Rfe8 11. Rad1 Bf8 12. h3 Bh5 13. dxe5 dxe5 14. Nh4 Nc5
15. Qc2 a5 16. g4 Bg6 17. Nxg6 hxg6 18. Rd2 a4 19. Nxa4 Nxa4 20. bxa4 Bb4 21.
Rd3 Nd7 22. h4 Nc5 23. Rh3 Qd7 24. g5 Rxa4 25. Re3 Rxa2 26. Qb1 Ra4 27. Bxe5 Qg4
28. Rd1 Qxc4 29. h5 gxh5 30. Bc3 Ne6 31. g6 Bxc3 32. Qxb7 Rf8 33. gxf7+ Rxf7 34.
Qxc6 Nf4 35. Rd8+ Kh7 36. Qe8 Nxe2+ 37. Rxe2 Ra1+ 38. Bf1 Qg4+ 39. Kh2 Qf4+ 40.
Kg1 Qg4+ 41. Kh2 Rxf1 42. Qg8+ Kg6 43. Rd6+ Bf6 0-1

[Event "19th HZ Open 2015"]
[Site "Vlissingen NED"]
[Date "2015.08.02"]
[Round "2.5"]
[White "Moradiabadi, Elshan"]
[Black "Zepeda, Lorena"]
[Result "1-0"]
[WhiteTitle "GM"]
[BlackTitle "WIM"]
[WhiteElo "2587"]
[BlackElo "2121"]
[WhiteFideId "12501255"]
[BlackFideId "6700233"]
[EventDate "2015.08.01"]

1. d4 Nf6 2. c4 g6 3. Nf3 Bg7 4. g3 O-O 5. Bg2 d6 6. O-O Nbd7 7. Nc3 e5 8. e4
Re8 9. d5 a5 10. Nd2 Nc5 11. Qc2 h5 12. Nb3 Nxb3 13. axb3 Bd7 14. h3 Nh7 15. Qe2
h4 16. Be3 b6 17. Nb5 Bf6 18. b4 Bxb5 19. cxb5 axb4 20. Bd2 b3 21. Ra6 Nf8 22.
Rfa1 Rb8 23. R6a3 Bg5 24. Be1 Bh6 25. Rxb3 Nd7 26. Rc3 Rb7 27. Qc4 Qe7 28. Rca3
Rc8 29. gxh4 Nf6 30. Bf3 Bf4 31. Ra8 Rbb8 32. R8a7 Ne8 33. h5 Qg5+ 34. Kf1 gxh5
35. Ke2 Kf8 36. Qc6 Qh4 37. Bb4 Bg5 38. Qd7 Rd8 39. Qf5 Qf4 40. Qxf4 exf4 41.
Bxh5 Nf6 42. Bf3 Re8 43. Kd3 Rbc8 44. Rc1 Nd7 45. Rcxc7 Rxc7 46. Bxd6+ 1-0

[Event "19th HZ Open 2015"]
[Site "Vlissingen NED"]
[Date "2015.08.02"]
[Round "2.6"]
[White "Rosmuller, Anton"]
[Black "Ernst, Sipke"]
[Result "0-1"]
[BlackTitle "GM"]
[WhiteElo "2142"]
[BlackElo "2544"]
[WhiteFideId "1007270"]
[BlackFideId "1004689"]
[EventDate "2015.08.01"]

1. d4 Nf6 2. Nf3 e6 3. g3 b5 4. Bg2 d5 5. O-O Ba6 6. Re1 c5 7. Nbd2 cxd4 8. Nxd4
Bc5 9. N2b3 Bb6 10. Bf4 O-O 11. Bxb8 Qxb8 12. e3 Rc8 13. c3 Ne4 14. Bf1 Rc4 15.
Nd2 Nxd2 16. Qxd2 Qc7 17. a4 bxa4 18. Qd1 e5 19. Nc2 Bb7 20. Na3 Rc5 21. Qxa4 a6
22. Bg2 Bc6 23. Qg4 Rf8 24. Qe2 f5 25. Rad1 Kh8 26. Rd2 Bb7 27. Nc2 a5 28. f4
Re8 29. fxe5 Rxe5 30. Nd4 a4 31. Qf3 g6 32. g4 Bc8 33. Kh1 Qe7 34. Bh3 f4 35.
Qxf4 Bc7 36. Rf2 Bd6 37. Qh6 Qg7 38. Qxg7+ Kxg7 39. Nf3 Re7 40. Kg2 a3 41. bxa3
Rxc3 42. Rd2 Bxa3 43. Nd4 Rexe3 44. Rxe3 Rxe3 45. Rc2 Ba6 46. g5 Bc4 47. Rf2 Be7
48. Ne6+ Kg8 49. Rb2 d4 50. Nxd4 Bd5+ 0-1

[Event "19th HZ Open 2015"]
[Site "Vlissingen NED"]
[Date "2015.08.02"]
[Round "2.7"]
[White "Werle, Jan"]
[Black "Lentjes, Noud"]
[Result "1-0"]
[WhiteTitle "GM"]
[WhiteElo "2525"]
[BlackElo "2116"]
[WhiteFideId "1006088"]
[BlackFideId "1029827"]
[EventDate "2015.08.01"]

1. d4 d5 2. c4 c6 3. Nc3 Nf6 4. e3 e6 5. Nf3 Nbd7 6. Bd3 dxc4 7. Bxc4 b5 8. Bd3
Bd6 9. O-O O-O 10. h3 Bb7 11. e4 e5 12. Re1 a6 13. Bg5 Qc7 14. dxe5 Bxe5 15.
Nxe5 Nxe5 16. Bxf6 gxf6 17. Bf1 Rad8 18. Qc1 Ng6 19. Ne2 Qe5 20. Ng3 c5 21. a4
c4 22. axb5 axb5 23. Ra5 Rd4 24. Qh6 Qf4 25. Qxf4 Nxf4 26. Rxb5 Ba8 27. Rb4 Rc8
28. Nf5 1-0

[Event "19th HZ Open 2015"]
[Site "Vlissingen NED"]
[Date "2015.08.02"]
[Round "2.8"]
[White "Sekandar, Kambiz"]
[Black "Ikonnikov, Vyacheslav"]
[Result "0-1"]
[BlackTitle "GM"]
[WhiteElo "2130"]
[BlackElo "2519"]
[WhiteFideId "11700939"]
[BlackFideId "4100972"]
[EventDate "2015.08.01"]

1. e4 c5 2. c3 Nf6 3. e5 Nd5 4. Nf3 e6 5. d4 cxd4 6. cxd4 d6 7. Bc4 Nc6 8. O-O
Be7 9. Bd2 Nb6 10. Bb3 O-O 11. Nc3 dxe5 12. dxe5 Na5 13. Bc2 Nbc4 14. Qe2 Nxd2
15. Nxd2 g6 16. Nde4 Qd4 17. Ng3 Nc6 18. Rfe1 Qf4 19. Rad1 Rd8 20. Rxd8+ Bxd8
21. Nb5 Ba5 22. Rd1 Qxe5 23. Qxe5 Nxe5 24. Ne4 Kg7 25. Ned6 Bd7 26. Nxb7 Bb6 27.
N7d6 Ng4 28. Nf5+ gxf5 29. Rxd7 Rc8 30. Nc3 Bxf2+ 31. Kf1 Bb6 32. Bb3 Nxh2+ 33.
Ke2 Rc5 34. Kd3 Ng4 35. Rb7 Re5 36. Ba4 Re3+ 37. Kc2 Rg3 38. Be8 Rxg2+ 39. Kb3
Ne5 40. Nb5 h5 41. Nd6 Bd4 42. Nc4 Kf6 43. Nxe5 Rxb2+ 44. Kc4 Kxe5 45. Rxf7 Rxa2
46. Rh7 Rc2+ 47. Kb5 Kf4 48. Rxh5 Rc5+ 49. Ka6 e5 50. Rh8 e4 51. Rf8 e3 52. Bb5
Rxb5 0-1

[Event "19th HZ Open 2015"]
[Site "Vlissingen NED"]
[Date "2015.08.02"]
[Round "2.9"]
[White "Van Foreest, Jorden"]
[Black "Hekhuis, Jeroen"]
[Result "1-0"]
[WhiteTitle "IM"]
[WhiteElo "2519"]
[BlackElo "2107"]
[WhiteFideId "1039784"]
[BlackFideId "1011669"]
[EventDate "2015.08.01"]

1. e4 c5 2. Nf3 d6 3. d4 cxd4 4. Nxd4 Nf6 5. Nc3 g6 6. Be3 Bg7 7. f3 O-O 8. Qd2
Nc6 9. g4 Nxd4 10. Bxd4 Be6 11. h4 Qa5 12. h5 Rfc8 13. a3 d5 14. e5 Nd7 15. Qh2
Qc7 16. hxg6 hxg6 17. O-O-O Nb6 18. Rd2 Nc4 19. Bxc4 dxc4 20. Qh7+ Kf8 21. Rdh2
g5 22. Rh5 f6 23. Qg6 1-0

[Event "19th HZ Open 2015"]
[Site "Vlissingen NED"]
[Date "2015.08.02"]
[Round "2.10"]
[White "Sparenberg, Erik"]
[Black "Das, Arghyadip"]
[Result "1/2-1/2"]
[BlackTitle "IM"]
[WhiteElo "2117"]
[BlackElo "2485"]
[WhiteFideId "1013262"]
[BlackFideId "5003610"]
[EventDate "2015.08.01"]

1. e4 d6 2. d4 g6 3. Nc3 Bg7 4. Nf3 a6 5. Be2 Nd7 6. O-O b5 7. a4 b4 8. Nd5 a5
9. c3 e6 10. Bg5 f6 11. Nf4 Nf8 12. Bh4 bxc3 13. bxc3 Ne7 14. Qb3 Bd7 15. Rab1
h6 16. Rfe1 Kf7 17. Bg3 Kg8 18. Bc4 Qc8 19. Qa2 Kh7 20. h4 g5 21. Nh5 Qe8 22.
Nxg7 Kxg7 23. e5 dxe5 24. dxe5 f5 25. hxg5 hxg5 26. Nxg5 f4 27. Bxf4 Qh5 28. Nh3
Bc6 29. Bg3 Bxg2 30. Kxg2 Qxh3+ 31. Kf3 Nh7 32. Rg1 Ng5+ 33. Ke2 Qg4+ 34. Kf1
Qh3+ 35. Ke2 Qg4+ 36. Kf1 Qh3+ 1/2-1/2

[Event "19th HZ Open 2015"]
[Site "Vlissingen NED"]
[Date "2015.08.02"]
[Round "2.11"]
[White "Wan, Yunguo"]
[Black "Elgersma, Simon"]
[Result "1-0"]
[WhiteTitle "IM"]
[WhiteElo "2472"]
[BlackElo "2097"]
[WhiteFideId "8603189"]
[BlackFideId "1046101"]
[EventDate "2015.08.01"]

1. e4 e6 2. d4 d5 3. Nc3 Bb4 4. e5 Ne7 5. a3 Bxc3+ 6. bxc3 c5 7. h4 Nbc6 8. h5
h6 9. Nf3 Qa5 10. Bd2 c4 11. g3 Bd7 12. Bh3 Qa4 13. O-O O-O-O 14. Nh4 g6 15. Qc1
g5 16. Ng2 Rhg8 17. Ne3 Rg7 18. Ng4 Rh8 19. Kh2 Ng8 20. f4 Qa5 21. Rf3 Qd8 22.
Qf1 Qe8 23. Kg2 Qf8 24. Ne3 gxf4 25. Rxf4 Nge7 26. Kh2 Rhg8 27. g4 Kb8 28. Rf6
Rh8 29. Qf4 Rgh7 30. Qf2 Rg7 31. Ng2 Ng8 32. Rf3 Qe8 33. a4 Na5 34. Bc1 Ne7 35.
Rf6 Ng8 36. Rf3 Ne7 37. Ba3 Nc8 38. Rf6 Ne7 39. Ne3 Ka8 40. Bg2 Nc8 41. Qf4 Rgh7
42. Bxd5 exd5 43. Nxd5 Qd8 44. e6 Nb6 45. Nc7+ Kb8 46. Na6+ Ka8 47. e7 Qc8 48.
Nc7+ Kb8 49. e8=Q Bxe8 50. Nxe8+ Ka8 51. Nc7+ Kb8 52. Nd5+ Ka8 53. Rxb6 1-0

[Event "19th HZ Open 2015"]
[Site "Vlissingen NED"]
[Date "2015.08.02"]
[Round "2.12"]
[White "Kampman, Tijmen"]
[Black "Ankit, R. Rajpara"]
[Result "0-1"]
[BlackTitle "GM"]
[WhiteElo "2102"]
[BlackElo "2460"]
[WhiteFideId "1009079"]
[BlackFideId "5023335"]
[EventDate "2015.08.01"]

1. c4 c6 2. Nf3 d5 3. b3 Nf6 4. g3 Bg4 5. Bb2 e6 6. Bg2 Bd6 7. d4 O-O 8. Nbd2
Nbd7 9. O-O Qe7 10. Ne5 Bf5 11. f3 Nxe5 12. dxe5 Bc5+ 13. Kh1 Nd7 14. a3 Rad8
15. cxd5 exd5 16. f4 f6 17. Nf3 fxe5 18. fxe5 Be4 19. b4 Bb6 20. Qb3 Bc7 21. Qe3
a6 22. Bd4 Rde8 23. Rac1 Nxe5 24. Qc3 Nc4 25. Rf2 b6 26. Nd2 Rxf2 27. Bxe4 Rxe2 0-1

[Event "19th HZ Open 2015"]
[Site "Vlissingen NED"]
[Date "2015.08.02"]
[Round "3.1"]
[White "Van Dooren, Dirk"]
[Black "Jobava, Baadur"]
[Result "0-1"]
[WhiteTitle "FM"]
[BlackTitle "GM"]
[WhiteElo "2333"]
[BlackElo "2664"]
[WhiteFideId "1015761"]
[BlackFideId "13601520"]
[EventDate "2015.08.01"]

1. f4 b6 2. d3 Bb7 3. e4 e6 4. Nf3 Ne7 5. c3 d5 6. e5 c5 7. Na3 Nbc6 8. Be2 Nf5
9. O-O h5 10. Nc2 d4 11. Ng5 h4 12. Bf3 Be7 13. Ne4 Qd7 14. c4 O-O-O 15. a3 h3
16. g3 f6 17. exf6 gxf6 18. b4 Ne3 19. Nxe3 dxe3 20. Bxe3 Qxd3 21. Kf2 cxb4 22.
Qxd3 Rxd3 23. axb4 Rhd8 24. c5 f5 25. b5 Rxe3 26. Kxe3 fxe4 27. bxc6 Bxc5+ 28.
Kxe4 Bxc6+ 29. Ke5 Bxf3 30. Rxa7 Bd5 31. Rd1 b5 32. Rh7 Ba3 33. Rb1 b4 34. Ra7
Rd7 35. Ra5 Kd8 36. f5 Ke7 37. g4 Bc4 38. fxe6 Bxe6 39. g5 Rd2 40. Ra7+ Bd7 41.
g6 Bb2+ 42. Kf4 Bc3 43. Re1+ Kd6 44. Re3 Rf2+ 45. Kg3 Rg2+ 46. Kh4 Bf5 47. Ra6+
Kd7 48. Ra5 Bf6+ 49. Kh5 Bxg6+ 50. Kh6 Bc3 51. Ra7+ Kd6 52. Ree7 Bd2+ 53. Kg7
Be4+ 54. Kf8 Bh6+ 55. Ke8 Rg8+ 56. Kf7 Rf8# 0-1